| 000 | 00706cam a2200241u 4500 | ||
|---|---|---|---|
| 999 |
_c7495 _d7495 |
||
| 001 | 7495 | ||
| 003 | BD-JhCC | ||
| 005 | 20180211102304.0 | ||
| 008 | 830118s1961 pk a 000 0 eng | ||
| 035 | _a(BD-JhCC)7495 | ||
| 040 |
_aDLC _cCarP _dDLC _dBD-JhCC |
||
| 041 | _aeng | ||
| 050 | 0 | 0 |
_aDS385.K48 _bA3 |
| 082 |
_bKHA 1961 _a954.035 |
||
| 100 | 1 |
_aKhaliquzzaman, Choudhry, _d1889- [from old catalog] |
|
| 245 | 1 | 0 |
_aPathway to Pakistan / _cChoudhry Khaliquzzaman, |
| 260 |
_a[Lahore] _bLongmans, Pakistan Branch _c[1961] |
||
| 300 |
_a432 p. _billus. _c25 cm. |
||
| 651 | 0 |
_aIndia _xPolitics and government _y1919-1947. |
|
| 651 | 0 | _aPakistan. [from old catalog] | |
| 942 |
_2ddc _cBK |
||